000 01046nam a22002657a 4500
001 BD-DhSAU
003 BD-DhSAU
005 20250531130322.0
008 150420b2005 bg ||||| m||| 00| 0 eng d
040 _aBD-DhSAU
082 _222
_a581
_bJ262
100 _aTAJRY, JANNATUN
_eRegistration No. # 21010043
245 _aOptimizing vermicompost and fertilizer combinations for enhancing growth and yield of tomato varieties /
_bMS thesis
260 _aSher-e-Bangla Agricultural University:
_bDepartment of Agricultural Botany,
_c2023.
300 _aix, 62p. ;
_c30 cm.
500 _aMS thesis of Department of Agricultural Botany , Faculty of Agriculture , Sher-e-Bangla Agricultural University, Dhaka, Bangladesh
504 _aIncludes bibliographical reference.
590 _aNazmul
650 _avermicompost and fertilizer combinations
651 _atomato varieties
700 _aProf. Dr. Nasima Akhter
_eSuperviser
700 _aAssociate Prof. Dr. Md. Elias Hossain
_eCo-superviser
942 _2ddc
_cTHESIS
999 _c17970
_d17969